00382 a2200121 4500001001000000005001700010008004100027245005300068100002100121700002200142700002100164773007500185ART_4869020260410161822.0260409a 10aAgravantes y atenuantes en el derecho tributario1 aVega, Gerardo E.1 aVega, Juan Manuel1 aVega, María S.0 tDoctrina Penal Tributaria y Económicag- N° 51 (mar. 2019)wREV4317